000 00618nam a2200253Ia 4500
003 OSt
005 20220912151444.0
006 a|||||r|||| 00| 0
007 ta
008 220909b |||||||| |||| 00| 0 eng d
024 _a62778
037 _cTextual
040 _aCSL
_beng
_cCSL
041 _aeng
082 _aB3, F7
100 _aWhittaker F T
245 0 _aCourse of modern analysis
260 _aCambridge
_bCUP
_c1927
300 _a608p.
_ccm.
650 _aAnalysis
700 _a Watson G N
942 _hB3, F7
_cTEXL
_2CC
999 _c69050
_d69050